000 00584nam a2200193 a 4500
005 20240423063621.0
008 991125 mx 000 0 spa u
020 _a9686382038
035 _aUPN01000026706
049 _aCG
050 4 _aF1286
_bI4.3
100 1 _aIllades, Carlos,
_d1959-
_928918
245 1 0 _aGuerrero :
_buna historia compartida /
_cCarlos Illades, Martha Ortega.
260 _aMéxico :
_bGobierno del Estado de Guerrero :
_bInstituto Mora,
300 _a224 p.
651 7 _aGuerrero
_xHistoria
_2
_918149
700 1 _aOrtega, Martha,
_ecoaut.
905 _aLibro
999 _c26706
_d26706